The microbial production of amino acids
Spremljeno u:
| Glavni autori: | , , , |
|---|---|
| Format: | Knjiga |
| Jezik: | engleski |
| Izdano: |
Tokio
Kodansha
1972
|
| Serija: | Kodansha Scientific Books
|
| Teme: | |
| Oznake: |
Dodaj oznaku
Bez oznaka, Budi prvi tko označuje ovaj zapis!
|
MARC
| LEADER | 00000nam a2200000 a 4500 | ||
|---|---|---|---|
| 001 | UCU4172 | ||
| 003 | CL-VaPUC | ||
| 008 | 960517e19720000JA |||||||||||||||||eng|d | ||
| 082 | 0 | 4 | |a 572.65 |b YAM |2 21 |
| 100 | 0 | |a Yamada, K |e author |9 361636 | |
| 700 | 0 | |a Kinoshita, S |e author |9 361637 | |
| 700 | 0 | |a Tsunoda, T |e author |9 361638 | |
| 700 | 0 | |a Aida, K |e author |9 361639 | |
| 245 | 1 | 4 | |a The microbial production of amino acids |
| 300 | |a 548 p | ||
| 942 | |c BK | ||
| 945 | |d 19960517 00:00:00 |a paguirre | ||
| 260 | |a Tokio |b Kodansha |c 1972 | ||
| 650 | 0 | |a Aminoácidos |9 259616 | |
| 650 | 0 | |a Microbiología |9 259706 | |
| 650 | 0 | |a Metabolismo |9 259893 | |
| 650 | 0 | |a Fermentación |9 259565 | |
| 650 | 0 | |a Bioquímica |9 259492 | |
| 583 | |a last modification |c 19960517 00:00:00 |k Rodrigo Vera | ||
| 490 | 0 | |a Kodansha Scientific Books | |
| 999 | |c 247972 |d 247970 | ||
| 952 | |0 0 |1 0 |4 0 |6 572_650000000000000_YAM_1972 |7 0 |8 A |9 264263 |a BIBING |b BIBING |d 2019-11-19 |i 1661779 |o 572.65 YAM 1972 |p 1661779 |r 2025-01-20 |w 2019-11-19 |y BK |k EIB | ||